| 000 | 00000nas##2200000za#4500 |
| 001 | 9.503299 |
| 003 | CaOODSP |
| 005 | 20250611103458 |
| 007 | cr ||||||||||| |
| 008 | 150406c2007||||xxc|| p o||||f| |0fre|d |
| 040 | |aCaOODSP|bfre |
| 043 | |an-cn--- |
| 086 | 1 |aA71-30F-PDF |
| 110 | 1 |aCanada. |bAgriculture et agroalimentaire Canada. |
| 245 | 10|aSecteur canadien de l'horticulture, campagne agricole de ..., survol des résultats |h[ressource électronique] |
| 260 | |aOttawa - Ontario : |bAgriculture et Agroalimentaire Canada |
| 310 | |aAnnuel |
| 362 | 1 |aCampagne agricole de [2007] -- |
| 691 | 07|aIndustrie agro-alimentaire|2gcpds |
| 691 | 07|aExportation|2gcpds |
| 775 | 08|tCanadian horticulture sector, ... crop year, performance overview |w(CaOODSP)9.506901 |